1360 1732 1478 1088 1509 1755 1763 1326 1057 1953 1849 1390 1708 1419 1384 1116 1220 1055 1224 1962 1259 1511 1189 1844 1011 1042 1007 1869 1527 1755 1976 1655 1720 1895 1854 1677 1572 1135 1024 1008 1774 1896 1482 1497 1051 1920 1123 1222 1285 1788 1973 1252 1653 1305 1366 1713 1364 1922 1373 1856 1671 1450 1350 1637 1790 1774 1890 1306 1414 1219 1925 1921 1541 1134 1261 1338 1765 1725 1461 1751 1787 1012 1551 1218 1930 1745 1369 1142 1507 1825 1267 1700 1951 1147 1787 1662 1422 1250 1993 BCNSPRNW ULIB Ver.6.0+V

เปลี่ยนเป็นภาษาไทย

Change to English
 แสดงรายละเอียดบรรณานุกรม
  กลับหน้าหลัก

Brief Record : Get Marc (ISO 2709) : E-mail record : QR code < ปิดหน้าต่าง
LEADER : 00000nam 2200000uu 4500
001    13399108416
003     ULIB
008    110303s2006||||th 000 0 eng d
020    9780323032094
024    0323032095
060  0 WY106^bS786F 2006
100 0  Stanhope, Marcia
245 00 Foundations of nursing in the community : community-oriented practice. /^cStanhope, Marcia
250    2nd ed.
260    St. Louis :^bMosby, ^c2006.
300    781 pp.^bill
650  7 Community Health Nursing
650  7 Community Health Services
945    ^p2680^l0^i027424
995    ทศพร
999 ^a ใช้งานได้ทุกระบบ
รายการนี้ยังไม่มีแท็ก
คุณยังไม่ได้ล็อกอิน คุณสามารถมีกิจกรรมร่วมกับเว็บไซต์ได้ แต่ต้องล็อกอินก่อน ::
  ล็อกอิน

รายการสื่อสารสนเทศ

ลำดับที่ ประเภท เลขเรียก/บาร์โค้ด สถานที่ สถานะ
- ไม่พบข้อมูล -

รายการใกล้เคียง
    ผู้แต่ง [Stanhope, Marcia]

    หัวเรื่อง [Community Health Nursing]
    หัวเรื่อง [Community Health Services]

BibComment


ยังไม่เคยถูกคอมเมนท์

คอมเมนท์ทรัพยากรรายการนี้
  คอมเมนท์: Foundations of nu..


 Copyright 2026. Bcnsprnw @Library